2^x (forward) - Statistics

General Stats
  • This quiz has been taken 85 times
  • The average score is 11 of 12
Answer Stats
2^x Answer % Correct
4 16
100%
1 2
100%
5 32
100%
2 4
100%
3 8
100%
7 128
92%
6 64
92%
8 256
85%
9 512
85%
10 1024
77%
11 2048
77%
12 4096
77%
No matching quizzes found
Score Distribution
Percent of People with Each Score
Percentile by Number Answered
Your Score History
You have not taken this quiz